Term Histoire : Crise de 1929 - Statistiques

Statistiques générales
  • Ce quiz a été pris 423 fois
  • Le résultat moyen est 23 sur 45
Statistiques - réponses
Question Réponse % Correct
Quel pays est la première puissance industrielle mondiale à la sortie de la Première Guerre mondiale ? États-Unis
98%
Agit-il rapidement afin de contrecarrer les effets de la crise ? (Oui/Non) Non
81%
Cette politique permet de relancer solidement l'économie du pays. (Oui/Non) Non
71%
Qui est désigné chancelier en 1933 ? Hitler
67%
Quel surnom porte ce jour en référence aux importantes conséquences économiques "Jeudi noir"
67%
La France est alors touchée avec la même intensité par la crise. (Oui/Non) Non
67%
Quel pays européen est également fortement touché par la crise ? Allemagne
65%
Qui remporte les élections présidentiels de 1932 ? F.D Roosevelt
65%
Qui est alors Président des États-Unis ? Hoover
65%
Cela s'est fait en respectant les droits sociaux. (Oui/Non). Non
65%
Ces accords permettent de relancer durablement l'économie française. (Oui/Non) Non
65%
Il décide alors de continuer, en accentuant, la politique des grands travaux entrepris avant son arrivée. (Oui/Non). Oui
65%
Avant la Seconde Guerre mondiale, l'économie allemande est productive. (Oui/Non). Oui
65%
À quelle date précise a lieu le mouvement de panique à la bourse américaine ? 24 octobre 1929
64%
Quel secteur industriel est porteur de la croissance économique américaine dans les années 1920 ? Automobile
64%
Quelle sous-continent est fortement touchée par la crise du fait de ses liens étroits avec les USA ? Amérique Latine
62%
Dans ce contexte, les parties de gauche s'unissent au sein d'un mouvement. Quel est alors le nom ? Front populaire
60%
Quel homme politique en est à la tête ? Léon Blum
60%
Quel pays a par exemple une baisse de ses exportations de 31% environ ? Brésil
59%
Quel est le nom de sa politique interventionniste ? New Deal
59%
Qui est notamment exclu de différentes professions ? Les femmes et les Juifs.
58%
Que contractent les Américains n'ayant initialement les moyens de réaliser cette opération ? Crédit
56%
En quelle année des politiques de grands travaux sont-elles lancées ? 1932
54%
Quels accords sont adoptés en juin 1936 ? Matignon
51%
Quel est le pourcentage de chômeur en 1933 aux USA ? 25%
49%
Que sont contraints de faire de nombreux citoyens américains ? Migrer
49%
Quelle opération financière, basée sur l'étude des fluctuation de la bourse, pratique de nombreux américain ? Spéculation
49%
Dans ce pays, quel végétal est au cœur de l'économie ? café
48%
Par quelle expression désigne-t-on la période provoquée par la crise de 1929 ? Grande dépression
48%
Qu'apparaissent dans les villes, comme par exemple à Central Park ? Bidonville / Hooverville
47%
Quel mot désigne cette crise ? Krach
46%
Quand ce parti remporte-t-il les élections législatives ? (mois et année) Mai 1936
45%
Quelles sont les grandes avancées sociales de ces accords ? Congés payés / Hausses des salaires / Importance des syndicats
44%
Quand a lieu une importante manifestation d'extrême droite en France ? 1934
43%
Quand lance-t-il l'agricultural adjustement act ? 1933
42%
Que lance-t-il afin de moderniser le pays ? (barrage, pont, bâtiment administratif) Grands travaux
42%
Que se passe-t-il politiquement dans ce pays ? coup d'état
40%
Quand exactement ? 30 janvier 1933
39%
Qui prend alors le pouvoir ? Vargas
31%
Par quoi sont également touchées les terres agricoles du centre du pays ? Tempête de sable
27%
Quelle loi prend-t-il cependant en 1930, accélérant alors la propagation de la crise à l'échelle mondiale ? Loi Hawley-Smoot
24%
Malgré ce succès, quelle est le contexte sociale en France à cette époque ? Importante grève
20%
Quelle photographe immortalise ces moments de l'histoire américaine ? Dorothea Lange
18%
Quel roman met notamment en lumière cette migration ? Les raisins de la colère
18%
Quelle autre action entreprend-t-il également afin de relancer l'économie allemande ? Militarisation
10%
Aucun quiz correspondant
Distribution des résultats
% des personnes avec chaque résultat
Percentile par nombre de réponses
Votre historique - résultats
Vous n’avez pas pris ce quiz